Wizard at large / (Record no. 2606)

MARC details
000 -LEADER
fixed length control field 01605pam a2200253 a 4500
001 - CONTROL NUMBER
control field 2606
003 - CONTROL NUMBER IDENTIFIER
control field FISKH
005 - DATE AND TIME OF LATEST TRANSACTION
control field 20240104104821.0
008 - FIXED-LENGTH DATA ELEMENTS--GENERAL INFORMATION
fixed length control field 880505s1988 nyua 000 1 eng
010 ## - LIBRARY OF CONGRESS CONTROL NUMBER
LC control number 88047805
020 ## - INTERNATIONAL STANDARD BOOK NUMBER
International Standard Book Number 0345347730 :
040 ## - CATALOGING SOURCE
Original cataloging agency DLC
Transcribing agency DLC
Modifying agency DLC
Language of cataloging eng
050 00 - LIBRARY OF CONGRESS CALL NUMBER
Classification number PS3552.R6596
Item number W55 1988
082 00 - DEWEY DECIMAL CLASSIFICATION NUMBER
Classification number 813/.54
Edition number 19
100 1# - MAIN ENTRY--PERSONAL NAME
Personal name Brooks, Terry.
245 10 - TITLE STATEMENT
Title Wizard at large /
Statement of responsibility, etc. Terry Brooks.
250 ## - EDITION STATEMENT
Edition statement This edition published 1989
260 ## - PUBLICATION, DISTRIBUTION, ETC.
Place of publication, distribution, etc. New York :
Name of publisher, distributor, etc. Del Rey,
Date of publication, distribution, etc. 1988.
300 ## - PHYSICAL DESCRIPTION
Extent 303 pages :
Dimensions 18 cm
520 ## - SUMMARY, ETC.
Summary, etc. It all began when the half-able wizard Questor Thews announced that finally he could restore the Court Scribe Abernathy to human form. It was his spell that had turned Abernathy into a Wheaten Terrier - though still able to talk. All went well - until the wizard breathed the magic dust of his spell and suddenly sneezed. Then, where Abernathy had stood, there was only a bottle containing a particularly evil imp. It had been in the collection of Michel Ard Rhi, former King of Landover, now exiled to Earth. Abernathy must now be a part of that collection! High Lord Ben Holiday set forth for Earth, taking his green but beautiful love, Willow, with him. Unfortunately, they were long in returning. And without the soil of Landover in which to root as a tree at times, Willow could not long survive. That left it up to Questor Thews to save them. Grimly he set out to seek help, knowing himself to be incompetent.
650 ## - SUBJECT ADDED ENTRY--TOPICAL TERM
Topical term or geographic name entry element Fantasy fiction
Form subdivision Juvenile Literature
906 ## - LOCAL DATA ELEMENT F, LDF (RLIN)
a 7
b cbc
c orignew
d 1
e ocip
f 19
g y-gencatlg
942 ## - ADDED ENTRY ELEMENTS (KOHA)
Source of classification or shelving scheme Dewey Decimal Classification
Koha item type Books
Suppress in OPAC No
Holdings
Withdrawn status Lost status Source of classification or shelving scheme Damaged status Not for loan Collection Home library Current library Shelving location Date acquired Total Checkouts Full call number Barcode Date last seen Price effective from Koha item type
    Dewey Decimal Classification     Fiction Footprints International School Library Network Toul Kork Campus Footprints International School Library Network Toul Kork Campus   01/04/2024   BRO Fic PS3552.R6596 FIS00858 01/04/2024 01/04/2024 Books